معا شیا ت ا سلا م / (Record no. 194445)

MARC details
000 -LEADER
fixed length control field 00808nam a22001937a 4500
005 - DATE AND TIME OF LATEST TRANSACTION
control field 20221220144008.0
010 ## - LCCN (DPL NO)
LC control number UR-11817
020 ## - INTERNATIONAL STANDARD BOOK NUMBER
Terms of availability 210.00
035 ## - SYSTEM CONTROL NUMBER
System control number U-10372
037 ## - SOURCE OF ACQUISITION
Source of stock number/acquisition DBAD/PUB
082 ## - DEWEY DECIMAL CLASSIFICATION NUMBER
Classification number 330.270
100 ## - MAIN ENTRY--PERSONAL NAME
Personal name سید ا بو ا لا علی مو د و و ی
245 ## - TITLE STATEMENT
Title معا شیا ت ا سلا م /
Statement of responsibility, etc سید ا بو ا لا علی مو د و و ی
246 ## - VARYING FORM OF TITLE
Title proper/short title Mashiat-e-Islam /
Remainder of title by Moulana Sayyed Abul Ala Moudoodi
260 ## - PUBLICATION, DISTRIBUTION, ETC. (IMPRINT)
Place of publication, distribution, etc New Delhi
Name of publisher, distributor, etc Merkazi Maktaba Islami Publishers
Date of publication, distribution, etc 2013 ء
270 ## - ADDRESS
Address D-307, Dawat Nagar, Abul Fazal Enclave, Jamia Nagar ,
City New Delhi
Postal code 110025
Telephone number 01126971652
Fax number -
300 ## - PHYSICAL DESCRIPTION
Extent 436 ص
Dimensions 22cm(pbk)
942 ## - ADDED ENTRY ELEMENTS (KOHA)
Source of classification or shelving scheme Dewey Decimal Classification
Item type Urdu Bks
Classification part 330.270
Call number suffix س ی د
Edition
Holdings
Withdrawn status Lost status Not for loan Collection code Home library Current library Date acquired Source of acquisition Cost, normal purchase price Full call number Barcode Copy number Cost, replacement price Koha item type
      Non-fiction Central Library Central Library 20/12/2022 DBAD/PUB 210.00 330.270 س ی د U-10372 1 210.00 Urdu Bks

© Delhi Public Library
Hit Counter
free hit counter